| 000 | 00944nam a22002057a 4500 | ||
|---|---|---|---|
| 005 | 20110902122011.0 | ||
| 010 | _aG-001153 | ||
| 020 |
_a8176043133 _c90.00 |
||
| 035 | _aG-001151 | ||
| 037 | _bउपहार | ||
| 082 | _a260.33 | ||
| 100 |
_aवर्मा,जे.के. _934163 |
||
| 245 |
_aगुरू नानक देव / _cजे.के.वर्मा |
||
| 260 |
_aदिल्ली _bराजा पॉकेट बुक्स _c2004 |
||
| 270 |
_a330/1, मेन रोड़, बुराड़ी _bदिल्ली _e110084 _k |
||
| 300 |
_a57पृ. _bसचित्र _c22 सेमी (सजिल्द) |
||
| 942 |
_2ddc _cCH _h260.33 _mवर्माजे |
||
| 999 |
_c56211 _d56211 |
||